000 01613nam0a22003851 4500
001 RU\NLR\A1SV\18313
005 20251203171251.9
035 _a(NLR Aleph) 009703355
090 _a9797359
_c9797359
100 _a19800104d1924 u y0rusy50 ca
101 0 _arus
102 _aRU
200 1 _aЧто должен знать работник просвещения о своем союзе
_fА.Вигалок
210 _aМ.
_cРаботник просвещения
_d1924
215 _a114 с.
_d19 см
320 _aСписок основных пособий для ознакомления с вопросами профдвижения (С.97-101)
451 1 _1001RU\NLR\A1SV\18314
_12001#$aЧто должен знать работник просвещения о своем союзе$fА.Вигалок
_1700#1$aВигалок$bА.Я.$f-1931$gАлександр Яковлевич$4070
451 1 _1001RU\NLR\A1SV\18315
_12001#$aЧто должен знать работник просвещения о своем союзе$fА.Вигалок
_1700#1$aВигалок$bА.Я.$f-1931$gАлександр Яковлевич$4070
620 _dМосква
700 1 _aВигалок
_bА. Я.
_f-1931
_gАлександр Яковлевич
_4070
801 0 _aRU
_bNLR
_c19800104
852 _aNLR
_j19/709
852 _aNLR
_j19/709а
899 _aНБУВ
899 _aАстОНБ
899 _aГПИБ
899 _aSLK
899 _aРГБ
899 _aНГОУНБ
899 _aНБЛ КГУ
899 _aNLG
942 _cBOOK
980 _aNB
980 _aA1SV